00545nam a2200181 a 45000010010000000030011000100080041000210350026000620820014000881000018001022450053001202600038001736500015002119420012002269520090002389980020003289990015003480000-8789ELIB.Books110520 1981  a(ELIB.Books)0000-8935 a150 bLar aLarson, Bruce aThere's a lot more to health than Not Being Sick bWaco: Word Books Publisher c1981 aPsychology 2ddccBK 00102ddc4070aKBTSbKBTSd2011-05-20l0p2059r2022-01-22 00:00:00w2022-01-22yBK cbate2011-05-20 c8789d8789